000
00311nam a22001337a 4500
008
210511b ||||| |||| 00| 0 eng d
041
_a
eng
080
_a
616
082
_a
616
100
_a
9
101
_a
PAT
245
_a
A Guide to Necropsy Diagnosis in Swine Pathology
_c
Guillamon,M.H
942
_2
udc
_c
BK
999
_c
57170
_d
57170